Calculus, Geometry, Differenetial Equation: (Record no. 190831)

MARC details
000 -LEADER
fixed length control field 00622nam a22001817a 4500
005 - DATE AND TIME OF LATEST TRANSACTION
control field 20220805150427.0
010 ## - LCCN (DPL NO)
LC control number ENG-134320
020 ## - INTERNATIONAL STANDARD BOOK NUMBER
International Standard Book Number 9788194705956
Terms of availability 305.00
035 ## - SYSTEM CONTROL NUMBER
System control number EN-117852
037 ## - SOURCE OF ACQUISITION
Source of stock number/acquisition DBAD/PUB
082 ## - DEWEY DECIMAL CLASSIFICATION NUMBER
Classification number 510
100 ## - MAIN ENTRY--PERSONAL NAME
Personal name Das, A.N.
245 ## - TITLE STATEMENT
Title Calculus, Geometry, Differenetial Equation:
Remainder of title HCC-I, As Per CBCS syallabus/
Statement of responsibility, etc A.N. Das
260 ## - PUBLICATION, DISTRIBUTION, ETC. (IMPRINT)
Place of publication, distribution, etc Kolkata
Name of publisher, distributor, etc Books & Allied (P) Ltd.
Date of publication, distribution, etc 2020
270 ## - ADDRESS
Address No. 1-E(1) " Shubham Plaza" (1st Floor) 83/1, Beliaghata Main Road
City Kolkata
Postal code 700010
Electronic mail address booksandallied1960@gmail.com
300 ## - PHYSICAL DESCRIPTION
Extent 327p.
Dimensions 24cm(pbk)
942 ## - ADDED ENTRY ELEMENTS (KOHA)
Source of classification or shelving scheme Dewey Decimal Classification
Item type English Books
Classification part 510
Call number suffix DAS
Holdings
Withdrawn status Lost status Not for loan Collection code Home library Current library Date acquired Source of acquisition Cost, normal purchase price Full call number Barcode Copy number Cost, replacement price Koha item type
      Non-fiction Bawana Bawana 05/08/2022 DBAD/PUB 305.00 510 DAS EN-117852 1 305.00 English Books

© Delhi Public Library
Hit Counter
free hit counter